=LDR 00000nam 2200000 4500 =001 INLIS000000000050365 =005 20170503071349 =035 ##$$a 0010-0517000018 =007 ta =008 170503###########################0#ind## =020 ##$$a 978-6021656-43-3-1 =082 ##$$a 646.3 =100 3#$$a Rohmania Syukuril =245 1#$$a Beauty with broket =250 ##$$a Cet.1 =260 ##$$a Surabaya :$b Tiara Aksa,$c 2015 =300 ##$$a 64 hlm. : $b ilus ; $c 26 cm =650 ##$$a Hijab =084 ##$$a 646.3 ROH b =990 ##$$a 31780820 =990 ##$$a 31780819